| 000 | 00652nam a2200133Ia 4500 | ||
|---|---|---|---|
| 008 | 220615s9999||||xx |||||||||||||| ||und|| | ||
| 020 | _a9781910000000 | ||
| 245 | 4 |
_aThe Death of Public Knowledge? _bHow Free Markets Destroy the General Intellect |
|
| 546 | _aEnglish[eng] | ||
| 650 | _aneoliberalism||political economy||public affairs||UK||United Kingdom||Brexit||informed public||media||school reform||economics||finance||public policy||private sector||policymaking||collection||essays||information policy||mass media||sociology of knowledge||Great Britain | ||
| 700 | _aDavis, Aeron | ||
| 856 | _uhttp://mitpress.mit.edu/9781906897390 | ||
| 942 | _cEB | ||
| 999 |
_c10438 _d10438 |
||